Statistiques concernant Pokémon de type Eau de A à Z

Cliquez ici pour prendre le quiz!

Statistiques générales

  • Ce quiz a été pris 1 237 fois
  • Le résultat moyen est 14 sur 19

Statistiques - réponses

LettresDescriptionsPersonnages% Correct
CEvolution de CarapuceCarabaffe
94%
AEvolution de PsykokwakAkwakwak
93%
MTrempetteMagicarpe
88%
TEvolution de CTortank
84%
SSorte d'étoile de mer avec cinq branchesStari
83%
KPokémon légendaire des OcéansKyogre
79%
LEvolution de MLéviator
79%
DEvolution de BabymantaDémanta
76%
PEvolution de PoissirènePoissoroy
76%
GStarter de la troisième générationGobou
75%
WSorte de baleine qui serait plus légère que l'airWailord
74%
HHippocampe de type Eau et DragonHyporoi
69%
QSorte de poisson-globeQwilfish
64%
OSorte de poulpe qui est pourtant l'évolution d'un poissonOctillery
60%
BIl évolue avec un maximum de beautéBarpau
59%
FEvolution de GFlobio
57%
ESorte de crustacé orangeEcrapince
54%
VSeul Pokémon de type Eau et FeuVolcanion
49%
REvolution de Coquiperl avec une Écaille OcéanRosabyss
44%

Distribution des résultats

Percentile par nombre de réponses

% des personnes avec chaque résultat

Votre développement - résultats

Vous n’avez pas pris ce quiz